LEADER 01693nam 2200361 n 450 001 996393616103316 005 20200824121843.0 035 $a(CKB)4940000000114491 035 $a(EEBO)2240932073 035 $a(UnM)ocm99894936e 035 $a(UnM)99894936 035 $a(EXLCZ)994940000000114491 100 $a20780405d1705 uy 101 0 $aeng 135 $aurbn||||a|bb| 200 00$aEngland's second warning: being a further and more particular account of the great damage done both by sea and land, by the late amazing storm and tempest that happened on Saturday the 11th of August 1705$b[electronic resource] $ewith a true list of the names and numbers of the merchant ships, and other vessels that were cast-away at Portsmouth, Plymouth and other harbours, in most parts of England; as also the names of the persons that were kill'd and drowned by the sad tempest both in city and countrey. Licensed according to order 210 $aLondon, $cprinted for F. Thorn, near Fleet-street$d1705 215 $a1 sheet ([1] p.) 300 $aCaption title. 300 $aImprint from colophon. 300 $aImperfect: stained. 300 $aReproduction of original in the British Library. 330 $aeebo-0018 606 $aStorms$zEngland$vEarly works to 1800 615 0$aStorms 801 0$bUk-ES 801 1$bUk-ES 801 2$bCStRLIN 801 2$bCu-RivES 906 $aBOOK 912 $a996393616103316 996 $aEngland's second warning: being a further and more particular account of the great damage done both by sea and land, by the late amazing storm and tempest that happened on Saturday the 11th of August 1705$92316671 997 $aUNISA